Stephen King Books - Statistics

General Stats
  • This quiz has been taken 748 times
  • The average score is 9 of 26
Answer Stats
Hint Answer % Correct
Carrie White Carrie
93%
Jack Torrance The Shining
89%
Beverly Marsh It
81%
Annie Wilkes Misery
74%
Randall Flagg The Stand
67%
Donna Trenton Cujo
52%
Kurt Barlow Salem's Lot
49%
Lee Harvey Oswald 11/22/63
47%
Mr. Jingles The Green Mile
44%
Gage Creed Pet Sematary
43%
Tom Gordon The Girl Who Loved Tom Gordon
42%
Leigh Cabot Christine
41%
Julia Shumway Under the Dome
32%
Chris Chambers The Body
22%
Eddie Dean The Drawing
17%
Heidi Halleck Thinner
16%
Kyra Bag of Bones
15%
Col. Abraham Curtis Dreamcatcher
15%
Ben Richards The Running Man
13%
Susannah Dean The Waste Lands
13%
Roland Deschain Wizard and Glass
12%
David Drayton The Mist
11%
Hank Olson The Long Walk
8%
Alain Johns Wolves of the Calla
8%
Jake Chambers The Dark Tower: The Gunslinger
6%
Oy The Dark Tower: The Wind Through the Keyhole
0%
No matching quizzes found
Score Distribution
Percent of People with Each Score
Percentile by Number Answered
Your Score History
You have not taken this quiz